00728nam a2200229Ia 450000500170000000800410001702000230005804000190008104100120010008200240011210000250013624501150016126000370027630000100031350400590032363000190038263000180040165000200041965100230043970000250046285000110048720230705084838.0131103s9999 xx 000 0 und d a8172019459cRs 450 aLoreto College aEnglish aTAG 891.44bTAG-DAS aTagore, Rabindranath 4aThe English writings of Rabindranath Tagore b Volume Two : Plays, Stories, EssayscEdited by Sisir Kumar Das aNew DelhibSahitya Academyc1996 a780p  aV1: Poems; V2:Plays, Stories, Essays; V3: A Miscellany aBengali Essays aBengali Plays aBengali Stories aBengali Literature aDas, Sisir Kumar, ed aLCLIB